Miradas sobre nuestra América / (Record no. 39378)
[ view plain ]
| 000 -CABECERA | |
|---|---|
| campo de control de longitud fija | 00608nam a2200181 a 4500 |
| 001 - NÚMERO DE CONTROL | |
| campo de control | 000039888 |
| 003 - IDENTIFICADOR DEL NÚMERO DE CONTROL | |
| campo de control | Ost |
| 005 - FECHA Y HORA DE LA ÚLTIMA TRANSACCIÓN | |
| campo de control | 20260321073643.0 |
| 008 - DATOS DE LONGITUD FIJA--INFORMACIÓN GENERAL | |
| campo de control de longitud fija | 130726s2013 ec 000 0 spa d |
| 020 ## - NÚMERO INTERNACIONAL ESTÁNDAR DEL LIBRO | |
| Número Internacional Estándar del Libro | 9789942074119 |
| 040 ## - FUENTE DE LA CATALOGACIÓN | |
| Centro catalogador/agencia de origen | DO-SdBNP |
| Lengua de catalogación | spa |
| Centro/agencia transcriptor | BNPHU |
| 100 1# - ENTRADA PRINCIPAL--NOMBRE DE PERSONA | |
| Nombre de persona | Bosch, Juan, |
| Fechas asociadas al nombre | 1909-2001 |
| 9 (RLIN) | 76555 |
| 245 10 - MENCIÓN DE TÍTULO | |
| Título | Miradas sobre nuestra América / |
| Mención de responsabilidad, etc. | Juan Bosch ; compilación y estudio introductorio de Jorge Núñez Sánchez. |
| 260 ## - PUBLICACIÓN, DISTRIBUCIÓN, ETC. | |
| Lugar de publicación, distribución, etc. | Quito, Ecuador : |
| Nombre del editor, distribuidor, etc. | Ministerio de cultura del Ecuador, |
| Fecha de publicación, distribución, etc. | 2013. |
| 300 ## - DESCRIPCIÓN FÍSICA | |
| Extensión | 250 p. ; |
| Dimensiones | 23 cm. |
| 700 1# - PUNTO DE ACCESO ADICIONAL--NOMBRE DE PERSONA | |
| Nombre de persona | Núñez Sánchez, Jorge, |
| Término indicativo de función/relación | comp. |
| 9 (RLIN) | 13245 |
| 942 ## - ELEMENTOS DE PUNTO DE ACCESO ADICIONAL (KOHA) | |
| Fuente del sistema de clasificación o colocación | Dewey Decimal Classification |
| Tipo de ítem Koha | Libro |
| Estado de retiro | Estado de pérdida | Restricciones de uso | No para préstamo | Código de colección | Localización permanente | Ubicación/localización actual | Ubicación en estantería | Fecha de adquisición | Número de inventario | Total de préstamos | Signatura topográfica completa | Código de barras | Fecha visto por última vez | Número de copia | Precio válido a partir de | Tipo de ítem Koha |
|---|---|---|---|---|---|---|---|---|---|---|---|---|---|---|---|---|
| Excluido de préstamo | Monografías: Libros y Folletos | General | General | En catalogación | 26.07.2013 | LF1 | xxx | 39888-30 | 25.06.2020 | e.3 | 25.06.2020 | No se presta | ||||
| Excluido de préstamo | Monografías: Libros y Folletos | Patrimonio Dominicano | Patrimonio Dominicano | En catalogación | 26.07.2013 | LF1 | xxx | 39888-10 | 25.06.2020 | 25.06.2020 | No se presta | |||||
| Excluido de préstamo | Monografías: Libros y Folletos | Patrimonio Dominicano | Patrimonio Dominicano | En catalogación | 26.07.2013 | LF1 | xxx | 39888-20 | 25.06.2020 | e.2 | 25.06.2020 | No se presta |
